01046nam a2200229Ia 4500952011000000999001700110008004100127020001500168050002300183100002600206240002800232245009500260260003500355300004300390500003900433500006100472505014100533519008200674650003800756650001500794942000700809 00104070a11b11d2007-01-08l9oAZ108 T7418 2004p11 001424r2017-10-10s2017-10-10t1w2012-06-26yLB c68930d68930120626s2004 sp a 000 0 sp d a8425338840 aAZ108 bT7418 2004 aTresider, Jackeautor10a1001 symbolslEspañol a1001 símbolosb: guía ilustrada de los símbolos y su significadoc / Jack, Tresidder aBarcelona b: Grijalboc, 2004 a383 páginasb: ilustraciones a color aTítulo original : 1001 Symbols  aIncluye: Introducción / Índice / Agradecimientos  aAlegrias y penas Cualidades y poderes humanos Virtudes y vicios Emociones e instintos Estados y condiciones Vida espiritual  aMaterial complementario / bDiseño y comunicación visual / d (11 001424) 0aSIGNOS Y SÍMBOLOSxDICCIONARIOS 0aSIMBOLISMO cLB